Bybrook Barn Garden Centre Ltd and others v Kent CC (Record no. 63737)

MARC details
000 -LEADER
fixed length control field 01182cam a2200217 4500
001 - CONTROL NUMBER
control field ABS62534
008 - FIXED-LENGTH DATA ELEMENTS--GENERAL INFORMATION
fixed length control field 000000n2000 000 0 eng u
035 ## - SYSTEM CONTROL NUMBER
System control number (Sirsi) u106418
245 ## - TITLE STATEMENT
Title Bybrook Barn Garden Centre Ltd and others v Kent CC
260 ## - PUBLICATION, DISTRIBUTION, ETC.
Date of publication, distribution, etc. 2000
490 ## - SERIES STATEMENT
Series statement Estates Gazette
Volume/sequential designation [2000] 20 EG 158-165(8)
520 ## - SUMMARY, ETC.
Summary, etc. QBD 5 November 1999. The claimant, B, owned a garden centre which was bounded by a stream on the southern and western sides. The stream flowed under an adjoining public highway through a culvert constructed by K's statutory predecessor authority. In August 1996 the garden centre was flooded, causing extensive damage to the premises and the stock. The claimants brought proceedings seeking damages for nuisance and negligence based on the principles of law governing the rights and duties of an adjacent landowner. "Held" judgment for the defendants - they were not liable in nuisance or negligence.
590 ## - LOCAL NOTE (RLIN)
Local note ABS
650 ## - SUBJECT ADDED ENTRY--TOPICAL TERM
Topical term or geographic name entry element BYBROOK BARN GARDEN CENTRE LTD AND OTHERS V KENT CC
650 ## - SUBJECT ADDED ENTRY--TOPICAL TERM
Topical term or geographic name entry element NUISANCE
650 ## - SUBJECT ADDED ENTRY--TOPICAL TERM
Topical term or geographic name entry element FLOODING
650 ## - SUBJECT ADDED ENTRY--TOPICAL TERM
Topical term or geographic name entry element FLOOD DAMAGE
650 ## - SUBJECT ADDED ENTRY--TOPICAL TERM
Topical term or geographic name entry element CULVERT
690 ## - LOCAL SUBJECT ADDED ENTRY--TOPICAL TERM (OCLC, RLIN)
Topical term or geographic name as entry element PROPERTY AND LAND LAW-CASE LAW
942 ## - ADDED ENTRY ELEMENTS (KOHA)
Suppress in OPAC 0
Holdings
Withdrawn status Lost status Source of classification or shelving scheme Damaged status Not for loan Home library Current library Shelving location Date acquired Total Checkouts Full call number Barcode Date last seen Copy number Price effective from Koha item type
    Dewey Decimal Classification     London London Journal article 12/06/2000   ABS62534 106418-1001 06/08/2019 1 06/08/2019 Law report